| 000 | 01110 a2200241 4500 | ||
|---|---|---|---|
| 003 | NUST | ||
| 005 | 20221222183558.0 | ||
| 010 | _a 75016901 | ||
| 020 | _a0195019881 : | ||
| 040 | _cNust | ||
| 082 | 0 | 0 |
_a355,PAR _aB |
| 100 | 1 |
_aParet, Peter. _949124 |
|
| 245 | 1 | 0 |
_aClausewitz and the state / _cPeter Paret. |
| 260 |
_aNew York : _bOxford University Press, _c1976. |
||
| 300 |
_aviii, 467 p. : _bill. ; _c24 cm. |
||
| 505 | _aClausewitz’s Prussia (Page-13), The French Revolution (Page-20), Garrison Life and the Perfectibility of Man (Page-36), Early Writing (Page-78), The Collapse of the Frederician State (Page-98), Captivity and the Ideal of German Liberty (Page-123), The Year of Reform (Page-137), Napoleon’s Destruction (Page-222), The Restoration (Page-255), The Major Historical and Theoretical Works (Page-326), The Last Year (Page-396). | ||
| 600 | 1 | 0 |
_aClausewitz, Carl von, _d1780-1831. _9105714 |
| 650 | 0 |
_aIntellectuals _zGermany _xBiography. _949125 |
|
| 650 | 0 |
_aNobility _zGermany _xBiography. _949126 |
|
| 650 | 0 |
_aState, The. _911446 |
|
| 650 | 0 | _aWar. | |
| 942 |
_2ddc _cBK _k355,PAR |
||
| 999 |
_c184778 _d184778 |
||